V siedmom nebi božské recepty pre milovníkov čokolády

Bibliographic Details
Main Author: Campbell, Grace (Author)
Other Authors: Klobučníková, Martina (Translator)
Format: Book
Language:Slovak
English
PhysicalDescription:255 s. fareb. fotogr. 26 cm
Published: Bratislava Tarsago Slovensko 2014
ISBN:9788080972073 (viaz.)
Edition:1. vyd.
Series:Reader's Digest
Subjects:

MARC

LEADER 00000cam a2200000 a 4500
001 vtls011549645
003 SK-MaSNL
005 20260301040823.0
008 170706s2014 xo o g 001 0 slo
015 |a SNBA2016/06 
020 |a 9788080972073 (viaz.) 
035 |a 4EAE8F43-CD46-48E6-8E62-3490004186D4 
035 |a urn:nbn:sk:snk-amllqe 
035 |a urn:nbn:sk:snk-am00bn3w 
040 |a SNK  |b slo  |c SNK  |e AACR2 
041 1 |a slo  |h eng 
044 |a xo  |c SK 
072 7 |a 641  |x Kuchárstvo. Potraviny. Varené jedlá  |2 konspekt 
080 |a 663.91  |2 2011 
080 |a 641.85  |2 2011 
080 |a 663.918.5  |2 2011 
080 |a (083.12)  |2 2011 
240 1 4 |a The Chocolate lover's cookbook  |l Slovensky 
245 1 0 |a V siedmom nebi  |b božské recepty pre milovníkov čokolády  |c [autorky receptov: Grace Campbell ... [et al.] ; z anglického originálu preložila Martina Klobučníková] 
246 3 0 |a Božské recepty pre milovníkov čokolády 
250 |a 1. vyd. 
260 |a Bratislava  |b Tarsago Slovensko  |c 2014 
300 |a 255 s.  |b fareb. fotogr.  |c 26 cm 
490 1 |a Reader's Digest 
504 |a Reg. 
650 0 7 |a čokoláda  |2 SNKPH  |9 60081 
650 0 7 |a múčniky  |2 SNKPH  |9 669 
650 0 7 |a dezerty  |2 SNKPH  |9 79014 
650 0 7 |a čokoládové cukrovinky  |2 SNKPH  |9 109191 
650 0 7 |a Chocolate  |2 SNKPHeng  |9 337111 
650 0 7 |a Desserts  |2 SNKPHeng  |9 330911 
650 0 7 |a Chocolate confections  |2 SNKPHeng  |9 341604 
655 7 |a kuchárske recepty  |2 SNKPH  |9 70493 
655 7 |a Cookbooks  |2 SNKPHeng  |9 270340 
700 1 |a Campbell, Grace  |4 aut  |9 341605 
700 1 |a Klobučníková, Martina  |4 trl  |4 oth  |9 341606 
830 0 |a Reader's Digest  |9 336888 
852 |a Štátna vedecká knižnica v Banskej Bystrici 
919 |a 978-80-8097-207-3 
958 |a OP 
968 |b ENG 
999 |c 586949  |d 588879 
952 |a SNK  |b SNK  |y PREZ  |7 0  |p 17A1196845  |o snkSB 90178  |i snk2016/13732  |8 0  |0 0  |1 0  |4 0  |d 2016-05-26  |f 1  |l 0  |r 2025-05-12 00:00:00  |w 2026-02-23 
952 |a SNK  |b SNK  |y VYP  |7 0  |p 17A1196844  |o snkSB 90178 D1  |i snk2016/13733  |8 0  |0 0  |1 0  |4 0  |d 2016-05-26  |l 0  |r 2026-02-23 15:12:36  |w 2026-02-23